Países menos densamente poblados - Estadísticas

Estadísticas generales
  • Esta prueba ha sido intentada 34 veces
  • La puntuación promedio es 10 de 20
Estadísticas de respuestas
Hab./km2 Respuesta % Correcto
2 Mongolia
100%
5 Canadá
97%
9 Rusia
97%
4 Australia
93%
7 Kazajistán
76%
16 Arabia Saudí
66%
15 Chad
62%
4 Libia
59%
4 Namibia
59%
4 Islandia
48%
4 Botsuana
45%
10 Bolivia
41%
15 Turkmenistan
41%
5 Mauritania
38%
17 Omán
38%
9 República Centroafricana
28%
15 Paraguay
21%
9 Gabon
17%
4 Guyana
10%
4 Surinam
10%
No se encontraron pruebas coincidentes
Distribución de puntuación
Porcentaje de gente con cada puntuación
Porcentaje por número respondido
Historial de tus puntuaciones
No has intentado esta prueba.